|
|
|
|
| LEADER |
01392nam a2200397 a 4500 |
| 001 |
nkc20102147868 |
| 003 |
CZ PrNK |
| 005 |
20120914075555.0 |
| 007 |
ta |
| 008 |
101109s2008 xr f 000 0 cze |
| 015 |
|
|
|a cnb002147868
|
| 020 |
|
|
|a 978-80-903696-2-7
|q (brož.)
|
| 035 |
|
|
|a (OCoLC)693938990
|
| 040 |
|
|
|a ABA001
|b cze
|
| 043 |
|
|
|a e-xr---
|
| 072 |
|
7 |
|a 334
|x Formy organizace a spolupráce v ekonomice
|2 Konspekt
|9 4
|
| 080 |
|
|
|a 334.012.46
|2 MRF
|
| 080 |
|
|
|a 347.191.11
|2 MRF
|
| 080 |
|
|
|a (437.3)
|2 MRF
|
| 080 |
|
|
|a (048.8:082)
|2 MRF
|
| 245 |
0 |
0 |
|a Společenský a legislativní rámec neziskového sektoru /
|c kolektiv autorů [Lenka Deverová ... et al.]
|
| 260 |
|
|
|a Praha :
|b Agnes,
|c 2008
|
| 300 |
|
|
|a 154 s. ;
|c 20 cm
|
| 504 |
|
|
|a Obsahuje bibliografie a bibliografické odkazy
|
| 650 |
0 |
7 |
|a neziskové organizace
|7 ph115448
|z Česko
|2 czenas
|
| 650 |
0 |
7 |
|a neziskový sektor
|7 ph123286
|z Česko
|2 czenas
|
| 650 |
0 |
9 |
|a nonprofit organizations
|z Czechia
|2 eczenas
|
| 650 |
0 |
9 |
|a nonprofit sector
|z Czechia
|2 eczenas
|
| 655 |
|
7 |
|a kolektivní monografie
|7 fd501537
|2 czenas
|
| 655 |
|
9 |
|a collective monographs
|2 eczenas
|
| 700 |
1 |
|
|a Deverová, Lenka
|7 xx0104514
|4 aut
|
| 910 |
2 |
|
|a BOA001
|b 1-1288.765
|
| 990 |
|
|
|a BK
|
| 995 |
|
|
|a 01
|
| 991 |
|
|
|b 201209
|c NOV
|e n
|
| 996 |
6 |
|
|b 2610519684
|c 1-1288.765
|l MZK
|r Sklad / do 1 hodiny
|n 37
|p p.v.
|w 001275064
|u 000010
|a 1
|e BOA001
|j MZK50
|s P
|